000 00829nam a2200229Ia 4500
999 _c49792
_d49792
001 16727
003 GE_BSU
005 20200131163336.0
008 181216s2007|||| |||||||||||||| ||eng||
020 _a978-1887943727
040 _cGE_BSU
080 _a159.923 E-50
245 _aEmotional Intelligence :
_bKey Readings on the Mayer and Salovey Model /
_cEditor by: Peter Salovey ; Marc A. Bracket ; John D. Mayer.
264 _aAmerica :
_bNational Professional Resources, Inc
_c2007.
300 _a329 p.:
_c27 cm.
653 _aEmotional Intelligence
653 _aფსიქოლოგია
700 _a Salovey, Peter
_eრედაქტორი
_96661
700 _aBracket, Marc A
_eრედაქტორი
_96631
700 _aMayer, John D
_eრედაქტორი
_96648
942 _cBK
_2udc